|
|
|
|
| LEADER |
00000nam a22000007a 4500 |
| 005 |
20200420232056.0 |
| 007 |
cr|||| |||| |
| 008 |
200420s2019 co |||||s|||| 00||0 spa d |
| 020 |
|
|
|a 978-958-760-138-1
|
| 035 |
|
|
|a 31313
|
| 040 |
|
|
|a vLex
|
| 090 |
|
|
|c 10299
|d 10299
|
| 100 |
1 |
|
|a Villota Alvarado, Vc̕tor Hugo
|
| 245 |
1 |
0 |
|a Cd̤igo de ťica odontolg̤ica comentado (Ley 35 de 1989)
|h [Recurso electrn̤ico] /
|c Vc̕tor Hugo Villota Alvarado
|
| 256 |
|
|
|a Servicio en ln̕ea
|
| 260 |
|
|
|a Bogot:̀
|b Ediciones Universidad Cooperativa de Colombia,
|c 2019
|
| 300 |
|
|
|a 1 recurso electrn̤ico
|
| 500 |
|
|
|a El Cd̤igo de ťica odontolg̤ica comentado es una obra n︢ica y pionera que armoniza cada uno de los artc̕ulos que contiene la Ley 35 de 1989 con comentarios muy didc̀ticos efectuados por reconocidos jurs̕tas, magistrados y acadm̌icos de gran trayectoria con amplia experiencia nacional e internacional en el r̀ea de la odontologa̕ y en el m̀bito ťico disciplinario jurd̕ico de los tribunales de ťica odontolg̤ica del pas̕. Este ser ̀un libro de obligatoria referencia en la educacin̤ de las nuevas generaciones de odontl̤ogos que requieren una sl̤ida formacin̤ en valores y principios ťicos, desde la perspectiva de los diferentes conocimientos que un odontl̤ogo debe tener, relacionados con el ejercicio profesional, las relaciones con los pacientes, relaciones con los colegas, historia cln̕ica, consentimiento informado, el estado, el personal auxiliar y de laboratorio, las instituciones, los r̤ganos de control y el rǧimen disciplinario para los odontl̤ogos entre otras temt̀icas que trata la obra. De igual manera, ser ̀muy valiosa su ayuda como documento de consulta y soporte para los procesos ťico disciplinarios de los magistrados de los tribunales seccionales de ťica odontolg̤ica y para el Tribunal Nacional de Ética Odontolg̤ica. Los estudiantes, odontl̤ogos, tribunales de ťica odontolg̤ica de Colombia y, en general, la odontologa̕ del pas̕, cuentan con una obra que contextualiza de una manera pedagg̤ica el quehacer ťico del odontl̤ogo colombiano desde la visin̤ de experiencias reales constituyňdose en un apoyo fundamental para el ejercicio ťico de la profesin̤, el cual debe estar enmarcado dentro de los ms̀ altos principios y preceptos ťicos y morales.
|
| 506 |
1 |
|
|a Disponible solo en los productos indicados
|d vLex Global
|d vLex Global (Academic Edition, excluding Law Schools)
|d vLex Global (U.S. Academic Edition, Law Schools)
|d vLex Global (U.S. Academic Edition, excluding Law Schools)
|d vLex Global (Academic Edition, Law Schools)
|
| 650 |
0 |
4 |
|a Derecho Pb︢lico y Administrativo
|z Colombia
|
| 650 |
0 |
4 |
|a Medicina
|z Colombia
|
| 740 |
0 |
|
|a vLex Libros (Servicio en ln̕ea)
|
| 856 |
4 |
0 |
|u http://vlex.com/source/codigo-de-etica-odontologica-comentado-ley-35-de-1989--31313
|z Acceso restringido
|
| 942 |
|
|
|c BOOK
|
| 999 |
0 |
|
|a Public and Administrative Law
|
| 999 |
0 |
|
|a Medicine
|